000 00569nam a2200181Ia 4500
003 GCL
008 140319s9999 xx 000 0 ara d
040 _aGCL /
_cGCL
082 0 4 _a189
_bا ع
100 1 _aابوالوفا الغنيمى التفتازانى
245 1 0 _aعلم الكلام وبعض مشكلاته /
_cابوالوفا الغنيمى التفتازانى
260 _a[S.N] :
_bدار الثقافة العربية ،
_c1979
300 _a186 ص
490 _a
650 0 4 _aالامامة
650 0 4 _aعلم الكلام
942 _2ddc
_cBK
999 _c31880
_d31880